00921nam a22002417a 4500999001700000003000900017008004100026020001800067040007100085082001800156100001700174245003500191260003800226300004200264505015000306650001900456650002500475650002700500700003000527942001600557945000800573952009800581 c20406d20406AR-CdUCM190321b ||||| |||| 00| 0 spa d a84-252-1329-0 aMUNICIPALIDAD PROVINCIAL DEL CUSCOcBIBLIOTECA MUNICIPAL DEL CUSCO a621.34 /bC84 aCostales, B. aIntroducción al Lenguaje C / aBarcelona :bGustavo Gili,c1985. a289 paginas ;bIlustraciones,c24 cm. aContenido : Nociones fundamentales sobre computadoras -- Introducción al FORTRAN IV -- Uso del FORTRAN para solucionar un problema típico...  aLenguaje95227 aProgramación91895 aAdministración94472 aShannon , Loren E.942673 2ddccLIBROS arcc 002ddc4070aSCbSCcCARTd2019-05-30g25.00o621.34 / C84pSC0000002011r2019-05-30yLIBROS